3500 địa chỉ Internet

Сохранить в:
Библиографические подробности
Главный автор: VN-Guide biên dịch
Формат:
Язык:Vietnamese
Опубликовано: Thống Kê 2000
Предметы:
Метки: Добавить метку
Нет меток, Требуется 1-ая метка записи!
Thư viện lưu trữ: Mạng thư viện Đại học Đà Nẵng
LEADER 00953nam a2200313 a 4500
001 000002078
003 01178
005 20171229145311.0
008 171229s2000 vie
040 |a LSK 
041 0 |a VIE 
082 0 |a 004.678  |b Ba-N 
100 1 |a VN-Guide biên dịch 
245 0 0 |a 3500 địa chỉ Internet 
260 |b Thống Kê  |c 2000 
300 |a 392 pages  |c 20,5 cm. 
653 |a Internet 
852 |a Phòng Đọc - Phòng Mượn 
901 |a 20 
927 |a Sách tham khảo 
OWN |a LSK 
AVA |a UDN50  |b LSK  |d 004.678 Ba-N  |e check_holdings  |t Error 5003 Not defined in file expand_doc_bib_avail.  |h N  |k 1 
999 |a From the UDN01 
AVA |a UDN50  |b LSK  |d 004.678 Ba-N  |e available  |t Error 5001 Not defined in file expand_doc_bib_avail.  |f 20  |g 0  |h N  |i 0  |k 1 
TYP |a Monograph 
TYP |a Printed language 
980 |a Mạng thư viện Đại học Đà Nẵng